Ology Quiz - Statistics

General Stats
  • This quiz has been taken 110 times
  • The average score is 12 of 40
Answer Stats
Hint Answer % Correct
Weather Meteorology
65%
Skin Dermatology
64%
Mental Processes Psychology
63%
Earth Geology
60%
Water Hydrology
56%
Humans Anthropology
55%
Animals Zoology
51%
Cancer Oncology
49%
Spiders Arachnology
48%
Crime Criminology
47%
Fungi Mycology
47%
Earthquakes Seismology
47%
Birds Ornithology
43%
Illness Pathology
37%
Climate Climatology
35%
Cats Felinology
35%
Drugs Pharmacology
35%
Stomach Gastrology
33%
Blood Hematology
33%
Insects Entomology
31%
Bones Osteology
29%
Liver Hepatology
28%
Sun Heliology
24%
Bees Apiology
23%
Past Cultures Archaeology
19%
Bacteria Bacteriology
19%
Living Tissues Histology
15%
Cells Cytology
13%
Trees Dendrology
13%
Rays Radiology
13%
Dogs Cynology
12%
Rocks Lithology
11%
Moon Selenology
9%
Mountains Orology
8%
Ear Otology
8%
Algae Phycology
8%
Ants Formicology
7%
Atmosphere Aerology
5%
Plant Nutrition Agrobiology
4%
Animal Behaviour Ethology
4%
No matching quizzes found
Score Distribution
Percent of People with Each Score
Percentile by Number Answered
Your Score History
You have not taken this quiz